Relato de un verano / (Registro nro. 9866)

Detalles MARC
000 -LIDER
fixed length control field 00862nam a2200313 b 4500
001 - NÚMERO DE CONTROL
Identificador de número de control 28249
003 - IDENTIFICACDOR DE NÚMERO DE CONTROL
control field DO-SdBNP
005 - DATE AND TIME OF LATEST TRANSACTION
control field 20180223115206.0
007 - CAMPOS FIJOS DE DESCRIPCIÓN FÍSICA
fixed length control field 28249
008 - ELEMENTOS DE LONGITUD FIJA
fixed length control field 990702s1997 sp | ||| ||spa
016 7# - NO. DE CONTROL DE LA AGENCIA BIB. NACIONAL
Record control number
Source BPMSU
017 ## - NÚMERO DE REGISTRO DE DERECHOS DE AUTOR
Assigning agency
020 ## - ISBN
International Standard Book Number 8434865505
035 ## - NÚMERO LOCAL
System control number
040 ## - FUENTE DE CATALOGACIÓN
Agencia que crea de manera original el registro BPMSU
Idioma de catalogación spa
Agencia que realiza la transcripción BPMSU
Convenciones de la despripción
041 1# - CÓDIGOS DE OBRAS TRADUCIDAS O EN VARIOS IDIOMAS
Código del idioma del texto/archivo de sonido o separata spa
Cód. del idioma original y/o traducciones intermedias del texto
080 #0 - NÚMERO DE CLASIFICACIÓN DECIMAL UNIVERSAL
Universal Decimal Classification number
100 1# - ASIENTO PRINCIPAL -- NOMBRE PERSONAL
Nombre personal Giff, Patricia Reilly
240 10 - TITULO UNIFORME
Título uniforme Lily's crossing
Idioma de una obra español
245 10 - MENCIÓN DE TITULO
Título Relato de un verano /
Mención de responsabilidad Patricia Reilly Giff ; traducción Alejandro Valero
Medio (Designación general de material)
260 ## - PUBLICACIÓN, DISTRIBUCIÓN, ETC. (PIE DE IMPRENTA)
Lugar de publicación, distribución, etc Madrid :
Nombre del editor, distribuidor, etc. SM,
Fecha de publicación, distribución, etc 1997
300 ## - DESCRIPCIÓN FÍSICA
Extensión 174 p. :
Dimensiones 21 cm
490 ## - MENCIÓN DE SERIES
Mención de serie El barco de vapor.
-- Serie Oro.
Volume/sequential designation 16
700 ## - ASIENTO SECUNDARIO -- NOMBRE PERSONAL
Nombre personal Velero, Alejandro
Mención de responsabilidad tr.
830 ## - ASIENTO SECUNDARIO DE SERIE--TÍTULO UNIFORME
Título uniforme El barco de vapor.
Nombre de la parte o sección de una obra Serie Oro.
Volume number/sequential designation 16
942 ## - ADDED ENTRY ELEMENTS (KOHA)
Source of classification or shelving scheme Dewey Decimal Classification
Koha item type Libros
945 ## - INFORMACIÓN DE PROCESAMIENTO LOCAL
Información de procesamiento local Inventariado, 2018 / BT
956 ## - LOCAL ELECTRONIC LOCATION AND ACCESS (OCLC)
Nombre de host VMATEO
Método de acceso 10
Materiales especificados 20160420
Enlace BPMSU
Campo enlazado y núm. de secuencia 0069
Existencias
Withdrawn status Lost status Source of classification or shelving scheme Damaged status Not for loan Collection code Home library Current library Date acquired Source of acquisition Total Checkouts Barcode Date last seen Price effective from Koha item type
    Dewey Decimal Classification     Colección Infantil General Biblioteca Pública Metropolitana Salomé Ureña Biblioteca Pública Metropolitana Salomé Ureña 04/20/2016 FUNDI   BPMSU16040593 04/20/2016 04/20/2016 Libros